Jugendstrafrecht
Ein Lehrbuch für Anfänger:innen wie für Fortgeschrittene, insbesondere für Studierende mit dem Schwerpunkt »Jugendstrafrecht«. Der Lernstoff ist systematisch aufbereitet, das Lernen wird durch vielfältige Schaubilder sowie durch die Darstellung der Justizpraxis und durch Fallbeispiele erleichtert. E...
| VerfasserInnen: | ; |
|---|---|
| Körperschaft: | |
| Medienart: | Druck Buch |
| Sprache: | Deutsch |
| Veröffentlicht: |
Baden-Baden
Nomos
2023
|
| In: | Jahr: 2023 |
| Ausgabe: | 11. Auflage |
| Online-Zugang: |
Inhaltstext (Verlag) Inhaltsverzeichnis Inhaltsverzeichnis |
| Bestand in Tübingen: | In Tübingen vorhanden. UB: 62 A 5298 |
| Verfügbarkeit prüfen: | HBZ Gateway |
| Subito Bestelldienst: | Jetzt bestellen. |
| Schlagwörter: |
MARC
| LEADER | 00000cam a2200000 c 4500 | ||
|---|---|---|---|
| 001 | 181147540X | ||
| 003 | DE-627 | ||
| 005 | 20260206154426.0 | ||
| 007 | tu | ||
| 008 | 220725s2023 gw ||||| 00| ||ger c | ||
| 015 | |a 22,N30 |2 dnb | ||
| 015 | |a 22,N30 |2 dnb | ||
| 016 | 7 | |a 1263317383 |2 DE-101 | |
| 020 | |a 9783848786503 |c : EUR 28.90 (DE) |9 978-3-8487-8650-3 | ||
| 020 | |a 3848786508 |9 3-8487-8650-8 | ||
| 024 | 3 | |a 9783848786503 | |
| 035 | |a (DE-627)181147540X | ||
| 035 | |a (DE-603)498337375 | ||
| 035 | |a (DE-599)DNB1263317383 | ||
| 035 | |a (OCoLC)1337410829 | ||
| 035 | |a (OCoLC)1349121210 | ||
| 040 | |a DE-627 |b ger |c DE-627 |e rda | ||
| 041 | |a ger | ||
| 044 | |c XA-DE-BW | ||
| 072 | 7 | |a 1774 |2 wsb | |
| 082 | 0 | |a 345.4308 |q DE-101 |2 23/ger | |
| 082 | 0 | |a 345 | |
| 082 | 0 | 4 | |a 340 |q DE-101 |
| 084 | |a 2,1 |2 ssgn | ||
| 084 | |a PH 4410 |q DE-208 |2 rvk |0 (DE-625)rvk/136134: | ||
| 084 | |a 86.39 |2 bkl | ||
| 084 | |a 86.80 |2 bkl | ||
| 100 | 1 | |a Ostendorf, Heribert |d 1945- |e VerfasserIn |0 (DE-588)122733622 |0 (DE-627)082122008 |0 (DE-576)162452837 |4 aut | |
| 109 | |a Ostendorf, Heribert 1945- | ||
| 245 | 1 | 0 | |a Jugendstrafrecht |c Prof. Dr. Heribert Ostendorf (Universität Kiel, Generalstaatsanwalt a.D.), Prof. Dr. Kirstin Drenkhahn (Freie Universität Berlin) |
| 250 | |a 11. Auflage | ||
| 264 | 1 | |a Baden-Baden |b Nomos |c 2023 | |
| 300 | |a 351 Seiten |b Diagramme | ||
| 336 | |a Text |b txt |2 rdacontent | ||
| 337 | |a ohne Hilfsmittel zu benutzen |b n |2 rdamedia | ||
| 338 | |a Band |b nc |2 rdacarrier | ||
| 490 | 0 | |a NomosLehrbuch | |
| 500 | |a Literaturverzeichnis Seite 305-345 | ||
| 520 | |a Ein Lehrbuch für Anfänger:innen wie für Fortgeschrittene, insbesondere für Studierende mit dem Schwerpunkt »Jugendstrafrecht«. Der Lernstoff ist systematisch aufbereitet, das Lernen wird durch vielfältige Schaubilder sowie durch die Darstellung der Justizpraxis und durch Fallbeispiele erleichtert. Es wird nicht nur die sogenannte herrschende Meinung wiedergegeben, auch auf kritische wie abweichende Positionen wird hingewiesen. Die 11. Auflage berücksichtigt die aktuelle Gesetzeslage, so das Gesetz zur Bekämpfung sexualisierter Gewalt gegen Kinder, das Kinder- und Jugendstärkungsgesetz sowie neue Gesetze auf Länderebene zum Jugendstrafvollzug. | ||
| 583 | 1 | |a Archivierung/Langzeitarchivierung gewährleistet |f PEBW |x XA-DE-BW |2 pdager |5 DE-31 | |
| 583 | 1 | |a Archivierung/Langzeitarchivierung gewährleistet |f SSG |x XA-DE-BW |2 pdager |5 DE-21 | |
| 650 | 0 | 7 | |0 (DE-588)4028943-6 |0 (DE-627)106276425 |0 (DE-576)208980164 |a Jugendstrafrecht |2 gnd |
| 651 | 7 | |0 (DE-588)4011882-4 |0 (DE-627)104704861 |0 (DE-576)208896155 |a Deutschland |2 gnd | |
| 655 | 7 | |a Lehrbuch |0 (DE-588)4123623-3 |0 (DE-627)104270187 |0 (DE-576)209561262 |2 gnd-content | |
| 689 | 0 | 0 | |d g |0 (DE-588)4011882-4 |0 (DE-627)104704861 |0 (DE-576)208896155 |a Deutschland |2 gnd |
| 689 | 0 | 1 | |d s |0 (DE-588)4028943-6 |0 (DE-627)106276425 |0 (DE-576)208980164 |a Jugendstrafrecht |2 gnd |
| 689 | 0 | |5 DE-101 | |
| 700 | 1 | |a Drenkhahn, Kirstin |d 1975- |e VerfasserIn |0 (DE-588)133386333 |0 (DE-627)544041232 |0 (DE-576)299812758 |4 aut | |
| 710 | 2 | |a Nomos Verlagsgesellschaft |e Verlag |0 (DE-588)117513-0 |0 (DE-627)102019150 |0 (DE-576)190606193 |4 pbl | |
| 776 | 1 | |z 9783748930211 |c ePDF | |
| 856 | 4 | 2 | |u https://swbplus.bsz-bw.de/bsz181147540Xinh.htm |m V:DE-576 |m B:DE-Frei85 |v 20221103140245 |3 Inhaltsverzeichnis |7 1 |
| 856 | 4 | 2 | |u http://deposit.dnb.de/cgi-bin/dokserv?id=186f1c002f274d1f80c0d9118fb40aab&prov=M&dok_var=1&dok_ext=htm |m X:MVB |q text/html |x Verlag |3 Inhaltstext |7 1 |
| 856 | 4 | 2 | |u https://d-nb.info/1263317383/04 |m B:DE-101 |q application/pdf |3 Inhaltsverzeichnis |7 1 |
| 936 | r | v | |a PH 4410 |b Gesamtdarstellungen |k Rechtswissenschaft |k Strafrecht, Strafverfahrensrecht, Kriminologie |k Nebenstrafrecht |k Jugendstrafrecht |k Gesamtdarstellungen |0 (DE-627)127223715X |0 (DE-625)rvk/136134: |0 (DE-576)20223715X |
| 936 | b | k | |a 86.39 |j Jugendstrafrecht |0 (DE-627)181571994 |
| 936 | b | k | |a 86.80 |j Jugendrecht |0 (DE-627)181572028 |
| 936 | s | n | |a p100 |2 mzub |
| 951 | |a BO | ||
| ELC | |b 1 | ||
| LOK | |0 000 xxxxxcx a22 zn 4500 | ||
| LOK | |0 001 4202023617 | ||
| LOK | |0 003 DE-627 | ||
| LOK | |0 004 181147540X | ||
| LOK | |0 005 20221111112736 | ||
| LOK | |0 008 221026||||||||||||||||ger||||||| | ||
| LOK | |0 040 |a DE-21 |c DE-627 |d DE-21 | ||
| LOK | |0 852 |a DE-21 | ||
| LOK | |0 852 1 |c 62 A 5298 |9 00 | ||
| LOK | |0 935 |a krim | ||
| LOK | |0 938 |a 2211 |f 34 | ||
| LOK | |0 939 |a 26-10-22 |b l01 | ||
| LOK | |0 000 xxxxxcx a22 zn 4500 | ||
| LOK | |0 001 4214644050 | ||
| LOK | |0 003 DE-627 | ||
| LOK | |0 004 181147540X | ||
| LOK | |0 005 20221124133553 | ||
| LOK | |0 008 221118||||||||||||||||ger||||||| | ||
| LOK | |0 040 |a DE-21-24 |c DE-627 |d DE-21-24 | ||
| LOK | |0 852 |a DE-21-24 | ||
| LOK | |0 852 1 |c J,Va,36*11:1 |m n |9 00 | ||
| LOK | |0 936ln |a J,Va, | ||
| LOK | |0 938 |a 2211 |f J | ||
| LOK | |0 938 |k n | ||
| LOK | |0 939 |a 18-11-22 |b l01 | ||
| LOK | |0 000 xxxxxcx a22 zn 4500 | ||
| LOK | |0 001 4214644069 | ||
| LOK | |0 003 DE-627 | ||
| LOK | |0 004 181147540X | ||
| LOK | |0 005 20221124133553 | ||
| LOK | |0 008 221118||||||||||||||||ger||||||| | ||
| LOK | |0 040 |a DE-21-24 |c DE-627 |d DE-21-24 | ||
| LOK | |0 852 |a DE-21-24 | ||
| LOK | |0 852 1 |c J,Va,36*11:2 |m p |9 00 | ||
| LOK | |0 938 |k p | ||
| LOK | |0 939 |a 18-11-22 |b l02 | ||
| LOK | |0 000 xxxxxcx a22 zn 4500 | ||
| LOK | |0 001 417878434X | ||
| LOK | |0 003 DE-627 | ||
| LOK | |0 004 181147540X | ||
| LOK | |0 005 20221024124229 | ||
| LOK | |0 008 220812||||||||||||||||ger||||||| | ||
| LOK | |0 040 |a DE-Frei85 |c DE-627 |d DE-Frei85 | ||
| LOK | |0 852 |a DE-Frei85 | ||
| LOK | |0 852 1 |m p |9 00 | ||
| LOK | |0 938 |k p | ||
| LOK | |0 939 |a 12-08-22 |b l01 | ||
| ORI | |a SA-MARC-krimdoka001.raw | ||
| SIG | |a UB: 62 A 5298 | ||
| TIM | |a 100019901003_100020261231 |b 1990-10-03 - 2026 | ||
